THE FINALS Weapon Quiz (Medium) - Statistics

General Stats
  • This quiz has been taken 46 times
  • The average score is 8 of 13
Answers on the Grid
Answers color-coded by a green-red scale on the quiz's grid according to % correct below.
Repeater
SHAK-50
Chimera
M26 MATTER
MGL32
BRF TITAN
CL-40
SH1900
Dual Blades
FCAR
Model 1887
KS-23
AKM
.50 Akimbo
SA1216
M134
M60
Cerberus
Sword
M11
PIKE
SR-84
ARN-220
Riot Shield
V95
93R
R.357
P90
XP-54
LH1
Famas
Spear
 
Answer Stats
Answer % Correct
AKM
78%
Repeater
78%
Dual Blades
72%
FCAR
67%
Famas
61%
Model 1887
61%
Riot Shield
61%
Cerberus
56%
Chimera
56%
P90
56%
CL-40
50%
R.357
50%
PIKE
39%
No matching quizzes found
Score Distribution
Percent of People with Each Score
Percentile by Number Answered
Your Score History
You have not taken this quiz